Poistenie liečebných nákladov v zahraničí v slovenských poisťovniach
Poistenie liečebných nákladov pre prípad úrazu alebo ochorenia v zahraničí v Slovenskej poisťovni, a.s. Poistenie liečebných nákladov v zahraničí v poisťovni UNION, a.s. Poistenie liečebných nákladov osôb cestujúcich do zahraničia v poisťovni Kooperatíva, a.s.
Guardado en:
| Formato: | Capítulo de libro |
|---|---|
| Lenguaje: | eslovaco |
| Materias: | |
| Etiquetas: |
Sin Etiquetas, Sea el primero en etiquetar este registro!
|
MARC
| LEADER | 00000naa a2200000 4500 | ||
|---|---|---|---|
| 001 | r024465 | ||
| 005 | 20221213082923.5 | ||
| 041 | 0 | |a slo | |
| 044 | |a CZ | ||
| 245 | 1 | 0 | |a Poistenie liečebných nákladov v zahraničí v slovenských poisťovniach |
| 520 | |a Poistenie liečebných nákladov pre prípad úrazu alebo ochorenia v zahraničí v Slovenskej poisťovni, a.s. Poistenie liečebných nákladov v zahraničí v poisťovni UNION, a.s. Poistenie liečebných nákladov osôb cestujúcich do zahraničia v poisťovni Kooperatíva, a.s. | ||
| 610 | 2 | 0 | |a poistenie |
| 610 | 2 | 0 | |a poistenie osôb |
| 610 | 2 | 0 | |a poistenie úrazové |
| 610 | 2 | 0 | |a poistka |
| 610 | 2 | 0 | |a Slovenská poisťovňa, a.s. Bratislava |
| 610 | 2 | 0 | |a UNION, a.s. Bratislava |
| 610 | 2 | 0 | |a Kooperativa, a.s. Bratislava |